Normal view
MARC view
Entry Topical Term
001 - CONTROL NUMBER
- control field: 251
003 - CONTROL NUMBER IDENTIFIER
- control field: OSt
005 - DATE AND TIME OF LATEST TRANSACTION
- control field: 20110407161919.0
008 - FIXED-LENGTH DATA ELEMENTS
- fixed length control field: 110407|||a|||||| | ||| d
040 ## - CATALOGING SOURCE
- Original cataloging agency: OSt
- Transcribing agency: OSt
150 ## - HEADING--TOPICAL TERM
- Topical term or geographic name as entry element: Islamic law.
670 ## - SOURCE DATA FOUND
- Source citation: Work cat.: (OSt)93: Anderson, J. N. D. (James Norman Dalrymple), Sir, 1908- 250, Islamic law in the modern world., 1959.
